Galatasaray Bütün Yabancı Kaleciler - Statistics

General Stats
  • This quiz has been taken 49 times
  • The average score is 6 of 15
Answer Stats
Answer % Correct
Fernando Muslera
100%
Claudio Taffarel
90%
Faryd Mondragon
81%
Zoran Simovic
64%
Leo Franco
55%
Inaki Pena
50%
Robinson Zapata
48%
Morgan De Sanctis
45%
Cedric Carrasso
36%
Brad Friedel
19%
Gintaras Stauce
19%
Richard Kingson
17%
Bosko Kajganic
5%
Pierre Esser
5%
Tatomir Radunovic
5%
No matching quizzes found
Score Distribution
Percent of People with Each Score
Percentile by Number Answered
Your Score History
You have not taken this quiz